000 00437nam a22001817a 4500
003 MPLRDC
005 20220104142431.0
008 210129b ||||| |||| 00| 0 eng d
082 _a848.2 LA-14
100 _a李敖著
245 _a求是新语
_c
250 _a新版
260 _a
_b桂冠图书股份有限公司
_c1997
300 _b
490 _a李敖著作丛刊
650 _a现代别集
942 _cBK
_o848.2 LA-14
999 _c30874
_d30864